Misery Lyrics - The Beatles - Statistics

General Stats
  • This quiz has been taken 22 times
  • The average score is 94 of 127
Answer Stats
Answer % Correct
bad,
100%
I
100%
is
100%
me
100%
misery
100%
Misery
100%
The
100%
the
100%
Who
100%
world
93%
never
87%
of
87%
to
87%
treating
87%
a
80%
all
80%
be
80%
guy
80%
her
80%
her,
80%
I'm
80%
kind
80%
one,
80%
one
80%
only
80%
used
80%
and
73%
cry
73%
in
73%
In
73%
It's
73%
she
73%
will
73%
for
67%
little
67%
no
67%
see
67%
things
67%
Without
67%
won't
67%
back
60%
can
60%
Can't
60%
done
60%
gonna
60%
I'll
60%
I've
60%
lonely
60%
lost
60%
more
60%
now
60%
remember
60%
sure
60%
we've
60%
'Cause
53%
everyone
53%
(La,
53%
la,
53%
la)
53%
(Ooh,
53%
ooh)
53%
Send
53%
she'll
53%
She'll
53%
always
47%
miss
47%
My
47%
drag,
40%
(Oh,
40%
oh,
40%
oh)
40%
No matching quizzes found
Score Distribution
Percent of People with Each Score
Percentile by Number Answered
Your Score History
You have not taken this quiz